Statistiche per Martin Garrix Songs

Clicka qui per fare il quiz!

Statistiche generali

  • Questo quiz è stato fatto 14 volte
  • Il punteggio medio è 48 su 106

Statistiche sulle risposte

ArtistannoRisposta% Corretto
Martin Garrix | Martin Garrix - (Festival Trap Remix with Victor Niglio)2013Animals
100%
Martin Garrix & Bebe Rexha2016In The Name Of Love
75%
Martin Garrix & Usher2015Don't Look Down
67%
Martin Garrix ft. Bonn2018High On Life
67%
Martin Garrix & Dua Lipa2017Scared To Be Lonely
67%
Martin Garrix & David Guetta ft. Romy Dya & Jamie Scott2017So Far Away
67%
Martin Garrix & Dimitri Vegas & Like Mike2014Tremor
67%
Martin Garrix & Afrojack2014Turn Up The Speakers
67%
Martin Garrix ft. Dean Lewis2019Used To Love
67%
Martin Garrix ft. Bono & The Edge2021We Are The People
67%
Martin Garrix & Jay Hardway2013Wizard
67%
Martin Garrix & Julian Jordan2012BFAM
58%
Brooks & GRX2017Boomerang
58%
Martin Garrix & Justin Mylo ft. Dewain Whitmore2018Burn Out
58%
Martin Garrix & Brooks2017Byte
58%
Martin Garrix & Julian Jordan ft. Tinie Tempah2021Diamonds
58%
Martin Garrix ft. Clinton Kane2020Drown
58%
Martin Garrix2015Forbidden Voices
58%
Martin Garrix & Julian Jordan2018Glitch
58%
Martin Garrix ft. John Martin2020Higher Ground
58%
Martin Garrix & Matisse & Sadko ft. Micael Zitron2019Hold On
58%
Martin Garrix ft. Bonn2019Home
58%
Martin Garrix ft. Bonn2019No Sleep
58%
Martin Garrix ft. John & Michel2016Now That I've Found You
58%
Martin Garrix ft. Khalid | Martin Garrix ft. Khalid - (Martin Garrix & Cesqeaux Remix)2018Ocean
58%
Martin Garrix ft. Tove Lo2021Pressure
58%
Martin Garrix & Tiesto2015The Only Way Is Up
58%
Martin Garrix & Troye Sivan2017There For You
58%
Martin Garrix ft. JRM2019These Are The Times
58%
Martin Garrix & Matisse & Sadko2016Together
58%
Ytram & Citadelle2020Alive
50%
Martin Garrix & Matisse & Sadko2015Dragon
50%
Martin Garrix ft. Mike Yung2018Dreamer
50%
Martin Garrix & Zedd2022Follow
50%
Martin Garrix & Matisse & Sadko2017Forever
50%
Martin Garrix & LOOPERS2018Game Over
50%
Martin Garrix & Sander Van Doorn & DVBBS ft. Aleesia2014Gold Skies
50%
Martin Garrix ft. The Federal Empire2016Hold On & Believe
50%
Martin Garrix & Dyro2018Latency
50%
Martin Garrix & David Guetta & Brooks2018Like I Do
50%
Martin Garrix & Mesto2022Limitless
50%
Martin Garrix & Third Party2016Lions In The Wild
50%
Martin Garrix & Matisse & Sadko ft. Alex Aris2019Mistaken
50%
Martin Garrix ft. Macklemore & Patrick Stump of Fall Out Boy2019Summer Days
50%
Martin Garrix & MOTi2014Virus (How About Now)
50%
Martin Garrix & Pierce Fulton ft. Mike Shinoda2018Waiting For Tomorrow
50%
Martin Garrix & Mesto2016WIEE
50%
Martin Garrix2018Yottabyte
50%
Martin Garrix2018Access
42%
Martin Garrix & Justin Mylo & Mesto2015Bouncybob
42%
Martin Garrix & Matisse & Sadko2015Break Through The Silence
42%
The Weeknd - (Martin Garrix Remix)2015Can't Feel My Face
42%
Bassjackers - (Martin Garrix Edit)2014Crackin
42%
Martin Garrix & Jay Hardway2013Error 404
42%
Ytram & Elderbrook2020Fire
42%
AREA212016Girls
42%
AREA212021La La La
42%
Martin Garrix ft. G-Eazy & Sasha Alex Sloan2021Love Runs Out
42%
Martin Garrix & Florian Picasso2016Make Up Your Mind
42%
Ytram & Bleu Clair ft. RA2020Make You Mine
42%
AREA212021Mona Lisa
42%
Martin Garrix2017Pizza
42%
AREA212021Pogo
42%
Martin Garrix2015Poison
42%
Dimitri Vegas & Like Mike Vs. Sander Van Doorn - (Martin Garrix Remix)2013Project T
42%
Florian Picasso & GRX2020Restart Your Heart
42%
Martin Garrix & Dillon Francis2014Set Me Free
42%
AREA212016Spaceships
42%
Martin Garrix & Jay Hardway2016Spotless
42%
Martin Garrix ft. Dawn Golden2016Sun Is Never Going Down
42%
Martin Garrix & Julian Jordan2016Welcome
42%
Martin Garrix & Matisse & Sadko ft. John Martin2021Won't Let You Go
42%
CMC$ & GRX ft. Icona Pop2018X's
42%
Dubvision - (Martin Garrix Edit)2014Backlash
33%
Martin Garrix & Blinders2018Breach (Walk Alone)
33%
AREA212017Glad You Came
33%
AREA212021Going Home
33%
AREA212018Happy
33%
Martin Garrix & Firebeatz2014Helicopter
33%
AREA212019HELP
33%
Martin Garrix & TV Noise2013Just Some Loops
33%
Martin Garrix2016Oops
33%
AREA212021Own The Night
33%
Martin Garrix2014Proxy
33%
Martin Garrix & Sidney Samson2013Torrent
33%
AREA21202121
25%
Florian Picasso & GRX2021Far Away
25%
AREA212021Followers
25%
AREA212021Human
25%
Martin Garrix2012Keygen
25%
AREA212021Lovin' Every Minute
25%
AREA212021No Angel
25%
AREA212021Time Machine
25%
AREA212017We Did It
25%
AREA212021All I Need
17%
Shermanology & GRX2014Can't You See
17%
Bassjackers & GRX2013Gamer
17%
Martin Garrix & Sleazy Stereo2012ITSA
17%
Roy Gates - (Martin Garrix Remix)2012Midnight Sun 2.0
17%
Martin Garrix & Jay Hardway2012Registration Code
17%
Daddy's Groove - (Martin Garrix Remix)2013Stellar
17%
Christina Aguilera - (Martin Garrix Remix)2012Your Body
17%
Nick Vathorst & Maximo - (Martin Garrix Remix)2011Intoxicated
8%
Enrique Iglesias ft. Ludacris & DJ Frank E - (Martin Garrix Bootleg)2011Tonight (I'm Lovin' You)
8%

Distribuzione punteggi

Percentile per numero di risposta

Percentuale di utenti per punteggio

I tuoi punteggi nel tempo

Non hai fatto questo quiz